| 000 | 00370 a2200157 4500 | ||
|---|---|---|---|
| 001 | 177831 | ||
| 020 | _a | ||
| 040 | _cMagnum | ||
| 100 | _aNicola, José de | ||
| 240 | 1 | 0 |
_aPraticas de linguagem/manual pedagogico _lpor |
| 245 | 1 | 0 | _aPraticas de linguagem/manual pedagogico |
| 362 | 0 | _a1899 | |
| 440 | 1 | _aScipione | |
| 697 | _aMAGNITO: PARADIDATICO | ||
| 942 | _cBK | ||
| 999 |
_c177831 _d177831 |
||